000 00493nam a2200181Ia 4500
999 _c34508
_d34508
003 OSt
005 20200825101052.0
008 190216s9999||||xx |||||||||||||| ||und||
040 _coclc
082 _a530.15
_bGUP/M
100 _aGupta, B D
_94318
245 0 _aMathematical Physics /
_cB D Gupta
250 _a4th Ed.
260 _bVikas Publishing House,
_c2010.
_aNoida:
300 _a1238p
650 _aPhysics
942 _cBK
_2ddc
_h530.15
_iGUP/M
_k530.15
_mGUP/M